000
00375nam a2200145Ia 4500
008
231129s1988||||xx |||||||||||||| ||spa||
020
_a
968-880-108-9
040
_b
spa
082
_a
659.1 K64p
100
_a
Kleppner`s Otto
245
0
_a
Publicidad
260
_c
1988
264
_a
Prentice-Hall Hispanoamericana
942
_2
ddc
_c
BKS
999
_c
23538
_d
23538